000 00418cam a2200169ua 4500
020 _c10.00
041 _ahin
_h
082 _a891.54
_bSAV/YU
100 _aSavitri, Sinha .
245 _aYugcharan Dinakar /
_cSavitri Sinha.
_hTextual Documents
260 _aNew Delhi :
_bNational Publishing House ,
_c1963.
300 _a312 ; .
365 _a10.00
504 _a
942 _cBK
999 _c11473
_d11473